| 000 | 01326nam a22002177a 4500 | ||
|---|---|---|---|
| 003 | OSt | ||
| 005 | 20180903071247.0 | ||
| 008 | 180226b xxu||||| |||| 00| 0 spa d | ||
| 020 | _a9502005226 | ||
| 040 | _cPJ | ||
| 100 |
_91933 _aFalcón, Enrique Manuel |
||
| 245 | 1 | 0 |
_aCaducidad o perención de instancia / _cEnrique M. Falcón. |
| 260 |
_aBuenos Aires : _bAbeledo-Perrot, _c1989. |
||
| 300 |
_a309 p. _c23 cm. |
||
| 504 | _aBibliografía: p. 279-281. | ||
| 505 | _aContenido: Introducción -- Casos y procesos con particularidades propias -- Los plazos en la caducidad de instancia -- El cómputo del plazo en la caducidad -- Interrupción y suspensión del plazo de caducidad de instancia -- Suspensión del plazo de caducidad de instancia -- Legitimación activa y declaración de oficio de la caducidad de instancia. Convalidación -- Caducidad de la segunda instancia -- El incidente de caducidad de la instancia. Recursos. Efectos -- Efectos de la caducidad de la instancia. Responsabilidad y honorarios de los letrados -- El código procesal civil y comercial nacional y los antecedentes. Los códigos extranjeros y los provinciales. | ||
| 650 | 0 |
_91148 _aDERECHO PROCESAL CIVIL |
|
| 650 | 0 |
_91934 _aTERMINACION DEL PROCESO |
|
| 650 | 0 |
_91935 _aCADUCIDAD DE INSTANCIA |
|
| 942 |
_2udc _cLIB _h347.933 _iFAL |
||
| 999 |
_c1302 _d1302 |
||